000 00373 a2200157 4500
001 152453
040 _cEscola São Tomás de Aquino
100 _aSHAKESPEARE, William
240 1 0 _aSonho de uma noite de verão
_lpor
245 1 0 _aSonho de uma noite de verão
300 _a88
362 0 _a2012
440 1 _aScipione
697 _a*LITERATURA JUVENIL
942 _cBK
999 _c152453
_d152453